MARC details
| 000 -LEADER |
| campo de control de longitud fija |
02406cam a2200421Ia 4500 |
| 003 - IDENTIFICADOR DE NÚMERO DE CONTROL |
| campo de control |
BJBSDDR |
| 005 - FECHA Y HORA DE LA ÚLTIMA TRANSACCIÓN |
| campo de control |
20230410120953.0 |
| 007 - CAMPO FIJO DE DESCRIPCIÓN FÍSICA--INFORMACIÓN GENERAL |
| campo de control de longitud fija |
ta |
| 008 - DATOS DE LONGITUD FIJA--INFORMACIÓN GENERAL |
| campo de control de longitud fija |
070706r20072006mduaf b 001 0 eng d |
| 020 ## - NÚMERO INTERNACIONAL ESTÁNDAR DEL LIBRO |
| Número Internacional Estándar del Libro |
0742536572 (pbk.) |
| 020 ## - NÚMERO INTERNACIONAL ESTÁNDAR DEL LIBRO |
| Número Internacional Estándar del Libro |
9780742536579 (pbk.) |
| 035 ## - NÚMERO DE CONTROL DEL SISTEMA |
| Número de control de sistema |
(OCoLC)ocn153581427 |
| 035 ## - NÚMERO DE CONTROL DEL SISTEMA |
| Número de control de sistema |
(OCoLC)153581427 |
| 040 ## - FUENTE DE CATALOGACIÓN |
| Centro catalogador/agencia de origen |
YDXCP |
| Centro/agencia transcriptor |
YDXCP |
| Lengua de catalogación |
spa |
| 041 ## - CÓDIGO DE IDIOMA |
| Código de lengua del texto/banda sonora o título independiente |
spa |
| 050 00 - SIGNATURA TOPOGRÁFICA DE LA BIBLIOTECA DEL CONGRESO |
| Número de clasificación |
JC 328.6 |
| Número de ítem |
T648w 2007 |
| 082 00 - NÚMERO DE LA CLASIFICACIÓN DECIMAL DEWEY |
| Número de clasificación |
303.6 |
| Número de edición |
22 |
| 100 1# - ENTRADA PRINCIPAL--NOMBRE DE PERSONA |
| Nombre de persona |
Tolchin, Martin. |
| 245 12 - MENCIÓN DEL TÍTULO |
| Título |
A world ignited : |
| Resto del título |
how apostles of ethnic, religious, and racial hatred torch the globe / |
| Mención de responsabilidad, etc. |
Martin and Susan J. Tolchin. |
| 250 ## - MENCION DE EDICION |
| Mención de edición |
1st pbk. ed. |
| 260 ## - PUBLICACIÓN, DISTRIBUCIÓN, ETC. |
| Lugar de publicación, distribución, etc. |
Lanham, Md. : |
| Nombre del editor, distribuidor, etc. |
Rowman & Littlefield Publishers, |
| Fecha de publicación, distribución, etc. |
2007. |
| 300 ## - DESCRIPCIÓN FÍSICA |
| Extensión |
xvi, 245 p., [4] p. of plates : |
| Otras características físicas |
ill. ; |
| Dimensiones |
22 cm. |
| 500 ## - NOTA GENERAL |
| Nota general |
Originally published: 2006. |
| 504 ## - NOTA DE BIBLIOGRAFÍA, ETC. |
| Nota de bibliografía, etc. |
Includes bibliographical references (p. 223-235) and index. |
| 505 ## - NOTA DE CONTENIDO CON FORMATO |
| Nota de contenido con formato |
Ancient hatreds, modern wars --<br/>Anti-semitism : that very light sleeper --<br/>Religion and the rise of anger --<br/>The psychology of anger : humiliation and defeat --<br/>Blood diamonds : economic rights and world anger --<br/>Sadat and the "October 6th victory : from anger to peace --<br/>Hearts and minds : foreign policy and world anger --<br/>Megabytes of hate --<br/>The politics of hope --<br/>Appendix A. Global anti-semitism --<br/>Appendix B. Genocide and the 20th century --<br/>Appendix C. Truth commissions : varieties of justice. |
| 520 ## - RESUMEN, ETC. |
| Sumario, etc. |
A World Ignited is about the surge of anger that has swept the world in the last decade, its myriad causes, its toll in lives and human misery. This anger is amplified by modern communications technology, especially television and the Internet, and made more lethal by modern weaponry, and unprecedented tactics that strive for mass death and anguish. The authors conclude in an upbeat manner with a look at the politics of hope and what can be done to halt, and even reverse, this cacophony of hate. |
| 650 #0 - PUNTO DE ACCESO ADICIONAL DE MATERIA--TÉRMINO DE MATERIA |
| Término de materia o nombre geográfico como elemento de entrada |
Political violence. |
| 650 #0 - PUNTO DE ACCESO ADICIONAL DE MATERIA--TÉRMINO DE MATERIA |
| Término de materia o nombre geográfico como elemento de entrada |
Culture conflict |
| Subdivisión general |
Religious aspects. |
| 650 #0 - PUNTO DE ACCESO ADICIONAL DE MATERIA--TÉRMINO DE MATERIA |
| Término de materia o nombre geográfico como elemento de entrada |
Ethnic relations |
| Subdivisión general |
Political aspects. |
| 650 #0 - PUNTO DE ACCESO ADICIONAL DE MATERIA--TÉRMINO DE MATERIA |
| Término de materia o nombre geográfico como elemento de entrada |
Hate speech. |
| 650 #0 - PUNTO DE ACCESO ADICIONAL DE MATERIA--TÉRMINO DE MATERIA |
| Término de materia o nombre geográfico como elemento de entrada |
Antisemitism. |
| 650 #4 - PUNTO DE ACCESO ADICIONAL DE MATERIA--TÉRMINO DE MATERIA |
| Término de materia o nombre geográfico como elemento de entrada |
Violencia política |
| 9 (RLIN) |
3474 |
| 650 #4 - PUNTO DE ACCESO ADICIONAL DE MATERIA--TÉRMINO DE MATERIA |
| Término de materia o nombre geográfico como elemento de entrada |
Conflictos culturales |
| Subdivisión general |
Aspectos religiosos |
| 9 (RLIN) |
4543 |
| 650 #4 - PUNTO DE ACCESO ADICIONAL DE MATERIA--TÉRMINO DE MATERIA |
| Término de materia o nombre geográfico como elemento de entrada |
Relaciones étnicas |
| Subdivisión general |
Aspectos políticos |
| 9 (RLIN) |
4542 |
| 700 1# - ENTRADA AGREGADA--NOMBRE PERSONAL |
| Nombre de persona |
Tolchin, Susan J. |
| Forma completa/desarrollada del nombre |
(Susan Jane), |
| Fechas asociadas al nombre |
1941-2016 |
| 9 (RLIN) |
7505 |
| 942 ## - ELEMENTOS DE ENTRADA SECUNDARIOS (KOHA) |
| Fuente del sistema de clasificación o colocación |
Clasificación de Library of Congress |
| Tipo de ítem Koha |
Libro |
| 946 ## - PROCESAMIENTO DE INFORMACIÓN LOCAL (OCLC) |
| a |
sh |